|
|
|
|
| LEADER |
01208nam a2200265 a 4500 |
| 001 |
582410 |
| 008 |
090827s1991 nyua b 001 0 eng d |
| 010 |
|
|
|a 90044438
|
| 020 |
|
|
|a 0075577410
|
| 040 |
|
|
|a DLC
|c DLC
|d DLC
|
| 082 |
0 |
0 |
|a 361.1
|2 20
|
| 100 |
1 |
|
|a Neubeck, Kenneth J.
|
| 245 |
1 |
0 |
|a Social problems :
|b a critical approach /
|c Kenneth J. Neubeck.
|
| 250 |
|
|
|a 3rd ed.
|
| 260 |
|
|
|a New York :
|b McGraw-Hill,
|c c1991.
|
| 300 |
|
|
|a xiv, 562 p. :
|b ill. ;
|c 24 cm.
|
| 504 |
|
|
|a Includes bibliographical references and indexes.
|
| 541 |
1 |
|
|e 00007185
|
| 650 |
|
0 |
|a Social problems.
|
| 650 |
|
0 |
|a Social history
|y 20th century.
|
| 852 |
4 |
|
|a Ayesha Abed Library
|j General Shelf.
|
| 999 |
|
|
|c 3794
|d 3794
|
| 952 |
|
|
|0 0
|1 0
|2 ddc
|4 0
|6 361_100000000000000_NEU_1991
|7 0
|9 3446
|a BRACUL
|b BRACUL
|c GEN
|d 2009-09-05
|g 0.00
|l 0
|o 361.1 NEU
|p 3010007185
|r 2009-09-05
|t 1
|w 2009-09-05
|y BK
|x No price found in the accession register.
|
| 952 |
|
|
|0 0
|1 0
|2 ddc
|4 0
|6 361_100000000000000_NEU
|7 0
|9 43178
|a SCL
|b SCL
|c GEN
|d 1998-11-08
|l 1
|o 361.1 NEU
|p 3020000315
|r 2020-01-28
|s 2020-01-27
|t 2
|w 2014-07-15
|y BK
|
| 952 |
|
|
|0 0
|1 0
|2 ddc
|4 0
|6 361_100000000000000_NEU
|7 0
|9 43182
|a SCL
|b SCL
|c GEN
|d 1998-11-08
|l 0
|o 361.1 NEU
|p 3020000316
|r 2014-07-15
|t 3
|w 2014-07-15
|y BK
|